仮面ライダーシリーズ - Statistics

General Stats
  • This quiz has been taken 439 times
    131 since last reset
  • The average score is 26 of 36
Answer Stats
放映開始年 シリーズ名 % Correct
2007年 仮面ライダー電王
89%
2009年 仮面ライダーW
87%
1971年 仮面ライダー
85%
1979年 仮面ライダー(新)
85%
2009年 仮面ライダーディケイド
84%
2013年 仮面ライダー鎧武
84%
2015年 仮面ライダーゴースト
84%
2000年 仮面ライダークウガ
83%
2014年 仮面ライダードライブ
83%
2011年 仮面ライダーフォーゼ
82%
2001年 仮面ライダーアギト
81%
2006年 仮面ライダーカブト
81%
2016年 仮面ライダーエグゼイド
81%
2010年 仮面ライダーOOO
81%
2012年 仮面ライダーウィザード
79%
2003年 仮面ライダー555
79%
2005年 仮面ライダー響鬼
78%
2004年 仮面ライダー剣
76%
2017年 仮面ライダービルド
75%
2019年 仮面ライダーゼロワン
75%
2002年 仮面ライダー龍騎
74%
2008年 仮面ライダーキバ
74%
2018年 仮面ライダージオウ
73%
1974年 仮面ライダーアマゾン
72%
1987年 仮面ライダーBLACK
67%
1973年 仮面ライダーV3
67%
1974年 仮面ライダーX
64%
1988年 仮面ライダーBLACK RX
57%
2024年 仮面ライダーガヴ
54%
2020年 仮面ライダーセイバー
53%
2021年 仮面ライダーリバイス
53%
2022年 仮面ライダーギーツ
53%
2023年 仮面ライダーガッチャード
53%
1975年 仮面ライダーストロンガー
52%
2025年 仮面ライダーゼッツ
48%
1980年 仮面ライダースーパー1
42%
No matching quizzes found
Score Distribution
Percent of People with Each Score
Percentile by Number Answered
Your Score History
You have not taken this quiz since the last reset